Spelling Bee - Letter P Long Words - Statistics

General Stats
  • This quiz has been taken 25 times
  • The average score is 4 of 15
Answer Stats
Hint Answer % Correct
The disease cause by breathing silica dust of meaning a silicosis. Pneumonoultramicroscopicsilicovolcanoconiosis
82%
The condition for pseudohypoparathyroidism. Pseudopseudohypoparathyroidism
65%
For psychophysicotherapeutics. Psychophysicotherapeutics
47%
Relating to psychoneuroimmunologic logy Psychoneuroimmunologically
35%
In a psychopathic way. Psychopathically
35%
Relating in a paleomagnetic manner. Paleomagnetically
29%
In a pseudointellectual manner. Pseudointellectually
29%
The physics for Psychophysicotherapeutics Psychophysicotherapeutically
29%
In a paleontological way. Paleontologically
24%
The neuroendocrinology of psychopathic logy. Psychoneuroendocrinology
24%
The relating of the mind of neuroendocrinology. Psychoneuroendocrinologically
18%
In paleomagnetism groups. Paleomagnetisms
12%
Inherited disordering condition Pseudohypoparathyroidism
12%
In the physics of psychopaths. Psychophysically
6%
In a postulated way. Postulating
0%
No matching quizzes found
Score Distribution
Percent of People with Each Score
Percentile by Number Answered
Your Score History
You have not taken this quiz